Statistiques concernant Quel acteur / actrice interprète ce rôle titre ?

Cliquez ici pour prendre le quiz!

Statistiques générales

  • Ce quiz a été pris 829 fois
    (611 depuis la dernière actualisation)
  • Le résultat moyen est 13 sur 48

Statistiques - réponses

PersonnageIndiceActeur / Actrice% Correct
MaléfiqueLara CroftAngelina Jolie
95%
Brice de NiceJ't'ai casséJean Dujardin
71%
LucyLuc BessonScarlett Johansson
69%
Forrest GumpLa vie c'est comme une boite de chocolats ...Tom Hanks
65%
Cyrano de BergeracLes valseusesGérard Depardieu
64%
RockyRamboSylvester Stallone
64%
AliMichael Mann, Men in BlackWill Smith
58%
ThorMarvelChris Hemsworth
55%
DidierChien humain, Le marsupilamiAlain Chabat
53%
Ed WoodTim BurtonJohnny Depp
48%
NoéGladiatorRussell Crowe
42%
SissiLa Banquière, Max et les ferrailleursRomy Schneider
39%
Erin BrockovichSteven SoderberghJulia Roberts
34%
Marie-AntoinetteSofia CoppolaKirsten Dunst
30%
Camille ClaudelBruno Nuytten, La reine MargotIsabelle Adjani
29%
EvitaDon't cry for me ArgentinaMadonna
28%
FridaPeintre, monosourcilSalma hayek
28%
Harvey MilkCastro, Mystic riverSean Penn
28%
Agathe CléryFrénégonde de PouilleValérie Lemercier
26%
Mary PoppinsSupercalifragilisticexpialidociousJulie Andrews
25%
Jerry MaguireCameron Crowe, Cuba Gooding JrTom Cruise
25%
ZoolanderDerek, MagnumBen Stiller
24%
Donnie DarkoRichard Kelly, Brokeback MountainJake Gyllenhaal
23%
ElektraDaredevilJennifer Garner
23%
SpartacusStanley Kubrick, Les sentiers de la gloire, MichaelKirk Douglas
23%
SelenaJenny from the blockJennifer Lopez
22%
Ben HurLes dix commandementsCharlton Heston
21%
Ali GBoratSacha Baron Cohen
21%
GandhiRichard Attenborough, le MandarinBen Kingsley
15%
BarbarellaRoger Vadim, HenryJane Fonda
14%
TessRoman Polanski, Paris TexasNastassja Kinski
14%
LolaJacques Demy, Un homme et une femmeAnouk Aimée
12%
Gemma BoveryFabrice LucchiniGemma Arterton
9%
StaviskyAlain ResnaisJean-Paul Belmondo
9%
Norma RaeMme Gump, tante MaySally Field
9%
EmmanuelleJust JaeckinSylvia Kristel
9%
TristanaLuis BunuelCatherine Deneuve
8%
PandoraAlbert Lewin, La comtesse aux pieds nusAva Gardner
7%
GildaCharles Vidor, La dame de ShanghaiRita Hayworth
7%
Billy ElliotStephen Daldry, TintinJamie Bell
6%
V.I. WarshawskiLa guerre des RoseKathleen Turner
6%
LauraOtto Preminger, Dana AndrewsGene Tierney
5%
Lola MontesMax Ophüls, Caroline chérieMartine Carol
4%
EveJoseph L. Mankiewicz, Bette DavisAnne Baxter
2%
Mildred PierceMommie DearestJoan Crawford
2%
FatimaCésar du meilleur film 2016Soria Zeroual
2%
Danny CollinsVieux crooner, Annette BeningAl Pacino
1%
Johnny GuitareNicholas Ray, Joan CrawfordSterling Hayden
1%

Distribution des résultats

Percentile par nombre de réponses

% des personnes avec chaque résultat

Votre développement - résultats

Vous n’avez pas pris ce quiz depuis la dernière actualisation